书目信息 |
| 题名: |
数学物理方程与特殊函数
|
|
| 作者: | 于涛 , 杨延冰 编 | |
| 分册: | ||
| 出版信息: | 北京 高等教育出版社 2019.8 |
|
| 页数: | 0页 | |
| 开本: | 19cm | |
| 丛书名: | ||
| 单 册: | ||
| 中图分类: | O175.24 , O174.6 | |
| 科图分类: | ||
| 主题词: | 数学物理方程--高等学校--教材 , 特殊函数--高等学校--教材 | |
| 电子资源: | ||
| ISBN: | 978-7-04-052203-7 | |
| 000 | 01085nam0 2200253 450 | |
| 001 | 2053904559 | |
| 005 | 20201105145831.90 | |
| 010 | @a978-7-04-052203-7@dCNY38.00 | |
| 100 | @a20200517d2019 em y0chiy0110 ea | |
| 101 | 0 | @achi |
| 102 | @aCN@b110000 | |
| 105 | @af z 000zy | |
| 200 | 1 | @a数学物理方程与特殊函数@9Shu Xue Wu Li Fang Cheng Yu Te Shu Han Shu@f于涛,杨延冰编 |
| 210 | @a北京@c高等教育出版社@d2019.8 | |
| 215 | @a0页@d19cm | |
| 330 | @a本书共分8章,前6章为数学物理方程与特殊函数的经典内容:介绍三类典型的数学物理方程及一些基本概念、分离变量法、行波法与积分变换法等,还探讨了贝塞尔函数、格林函数及勒让德多项式的应用;后2章为工程实践中应用广泛的变分法、解析近似解及数值近似解等内容。本书可作为高等学校工科类各专业的数学物理方程与特殊函数教材,也可供相关的理科类专业学生及工程技术人员参考。 | |
| 606 | 0 | @a数学物理方程@x高等学校@j教材 |
| 606 | 0 | @a特殊函数@x高等学校@j教材 |
| 690 | 0 | @aO175.24@v5 |
| 690 | 0 | @aO174.6@v5 |
| 701 | 0 | @a于涛@9Yu Tao@4编 |
| 701 | 0 | @a杨延冰@9Yang Yan Bing@4编 |
| 801 | 0 | @aCN@b(网众)采访数据@c20201010 |
| 905 | @aZUCC@dO175.24@eY724 | |
| 数学物理方程与特殊函数/于涛,杨延冰编.-北京:高等教育出版社,2019.8 |
| 0页;19cm |
| ISBN 978-7-04-052203-7:CNY38.00 |
| 本书共分8章,前6章为数学物理方程与特殊函数的经典内容:介绍三类典型的数学物理方程及一些基本概念、分离变量法、行波法与积分变换法等,还探讨了贝塞尔函数、格林函数及勒让德多项式的应用;后2章为工程实践中应用广泛的变分法、解析近似解及数值近似解等内容。本书可作为高等学校工科类各专业的数学物理方程与特殊函数教材,也可供相关的理科类专业学生及工程技术人员参考。 |
| ● |
| 相关链接 |
|
|
|
正题名:数学物理方程与特殊函数
索取号:O175.24/Y724
 
预约/预借
| 序号 | 登录号 | 条形码 | 馆藏地/架位号 | 状态 | 备注 |
| 1 | 1479472 | 214794720 | 自科库401/401自科库 45排4列2层/ [索取号:O175.24/Y724] | 在馆 | |
| 2 | 1479473 | 214794739 | 自科库401/401自科库 45排4列2层/ [索取号:O175.24/Y724] | 在馆 |